| 000 | 00000nam##2200000za#4500 |
| 001 | 9.699116 |
| 003 | CaOODSP |
| 005 | 20210625000233 |
| 007 | cr ||||||||||| |
| 008 | 150407|1988||||xxc|||||o f|0| 0 eng|d |
| 040 | |aCaOODSP|beng |
| 043 | |an-cn--- |
| 086 | 1 |aA53-1624/1988E-PDF |
| 110 | 1 |aCanada.|bAgriculture Canada.|bResearch Branch. |
| 245 | 10|aManagement of saline soils under irrigation / |h[electronic resource]|c[by] T.G. Sommerfeldt, E. Rapp, C. Chang [and] H.H. Janzen. |
| 260 | |bAgriculture Canada. |c1977, revised 1988. |
| 300 | |a28p.|bfigs., glossary, table, photographs |
| 500 | |aHistorical publication digitized by Agriculture and Agri-Food Canada. |
| 590 | |a14-11-Supp|b2014-05-21 |
| 690 | 07|aIrrigation|2gcpds |
| 690 | 07|aSoil|2gcpds |
| 690 | 07|aSoil quality|2gcpds |
| 775 | 08|tGestion des sols salins irrigués / |w(CaOODSP)9.643081 |
| 856 | 40|ahttp://publications.gc.ca|qPDF|s1.9 MB|uhttps://publications.gc.ca/collections/collection_2014/aac-aafc/agrhist/A53-1624-1988-eng.pdf |
| 986 | |a1624/E |